[Event "Pia Cramling Ladies Open 2018"]
[Site "Stockholm"]
[Date "2018.09.02"]
[Round "7"]
[White "Hunt, Harriet V"]
[Black "Johansson, Eva"]
[Result "1-0"]
[WhiteElo "2439"]
[BlackElo "1881"]
[Annotator "TA"]
[PlyCount "68"]
[EventDate "2018.09.01"]
[EventType "swiss"]
[EventCountry "SWE"]
[SourceTitle "playchess.com"]
[Source "ChessBase"]
[SourceQuality "1"]

{[%evp 16,68,72,59,63,18,63,58,64,59,80,82,72,52,70,43,55,0,0,-10,5,15,20,4,20,0,0,0,-2,-16,-19,-16,61,37,38,37,60,27,22,37,99,97,105,112,229,176,183,178,259,259,322,293,661,661,642]} 1. e4 d6 2. d4 Nf6 3. Nc3 g6 4. Be3 c6 5. Qd2 b5 6. Bd3 Qa5 {B07: Pirc-Ufimzew-Verteidigung} 7. h3 Nbd7 8. Nf3 Bg7 9. O-O {LiveBook: 4 Partien} O-O 10. a3 (10. Nd5 $5 Qd8 11. Nxf6+ Nxf6 12. a4 $16) 10... a6 11. e5 Ne8 {[%cal Rd6e5]} 12. Bh6 $146 ({Vorgänger:} 12. Bg5 f6 13. exf6 exf6 14. Bh6 {1-0 (30) Khairullin,I (2651)-Drachev,O (2176) St Petersburg 2013}) 12... Qc7 {[%cal Rd6e5]} 13. Rfe1 dxe5 14. dxe5 Nc5 15. Bf1 Bb7 16. Rad1 ({Lieber} 16. a4 $14) 16... Ne6 $11 17. Qe3 Rd8 18. Rxd8 Qxd8 19. Rd1 Qc8 20. Bd3 $36 {[%mdl 2048] Weiss kämpft um Vorteil.} N8c7 21. Bxg7 Kxg7 22. Nh2 c5 23. Ng4 g5 ({Besser ist} 23... Rd8 $11) 24. Be4 $14 h6 25. Bxb7 Qxb7 26. Qe4 (26. Ne2 {looks sharper.} Rh8 27. Ng3 h5 28. Nh2 Nf4 29. Nf5+) 26... Qxe4 27. Nxe4 Re8 (27... c4 $14) 28. Rd7 Kg6 29. Ne3 f6 (29... Rd8 $16 30. Rxe7 Nd5) 30. exf6 exf6 {[#]} 31. Nxc5 $1 Nxc5 (31... Rd8 {ist eine bessere Verteidigung.} 32. Re7 Rd6) 32. Rxc7 $18 Na4 33. g4 Nxb2 $2 (33... Rf8 34. b3 Nb6) 34. Nf5 {[%csl Gf5][%cal Rc7g7]} Rg8 {Precision: Weiß = 44%, Schwarz = 44%.} 1-0

[Event "Pia Cramling Ladies Open 2018"]
[Site "Stockholm"]
[Date "2018.09.02"]
[Round "7"]
[White "Tetenkina, Irina"]
[Black "Berg Laachiri, Susanna"]
[Result "1-0"]
[WhiteElo "2214"]
[BlackElo "1903"]
[Annotator "NA"]
[PlyCount "111"]
[EventDate "2018.09.01"]
[EventType "swiss"]
[EventCountry "SWE"]
[SourceTitle "playchess.com"]
[Source "ChessBase"]
[SourceQuality "1"]
[TimeControl "1800+10"]

1. Nf3 {[%emt 0:00:00]} d5 {[%emt 0:00:00]} 2. g3 {[%emt 0:00:16]} Nf6 {[%emt 0:00:00]} 3. Bg2 {[%emt 0:00:05]} c5 {[%emt 0:00:07]} 4. c4 {[%emt 0:00:28]} e6 {[%emt 0:00:03]} 5. O-O {[%emt 0:01:16]} Be7 {[%emt 0:00:16]} 6. cxd5 {[%emt 0:00:18]} exd5 {[%emt 0:00:02]} 7. d4 {[%emt 0:00:02]} O-O {[%emt 0:00:22]} 8. Nc3 {[%emt 0:00:10]} Nc6 {[%emt 0:00:10]} 9. dxc5 {[%emt 0:00:53]} Bxc5 {[%emt 0:03:49]} 10. Bg5 {[%emt 0:00:19]} Be6 {[%emt 0:00:30]} 11. Rc1 {[%emt 0:04:36]} Be7 {[%emt 0:00:07]} 12. Nd4 {[%emt 0:00:39]} h6 {[%emt 0:04:27]} 13. Be3 {[%emt 0:04:35] D34: Tarrasch Defence: 6 g3 Nf6 7 Bg2 Be7 LiveBook: 36 Games} Ne5 {[%emt 0:00:33]} (13... Qd7 14. Qa4 Rfc8 15. Rfd1 Ng4 16. Nxc6 bxc6 17. Bd4 Nf6 18. e4 Bg4 19. Rd2 Nxe4 20. Nxe4 dxe4 {½-½ (33) Georgiev,K (2662)-Berg,E (2583) Gibraltar 2008}) 14. Nxe6 {[%emt 0:02:21]} fxe6 {[%emt 0:00:03]} 15. Bd4 $146 {[%emt 0:00:03]} ({Predecessor:} 15. Bh3 Qd7 16. Qa4 Nc6 17. Nb5 Rfd8 18. Rfd1 a6 19. Nd4 Nxd4 20. Qxd4 Bd6 21. Bxh6 Rf8 22. Bf4 Rae8 23. Bxd6 Qxd6 24. e4 Qe7 25. exd5 exd5 26. Bg2 {1-0 (26) Gundavaa,B (2461)-Khamrakulov,D (2524) Subic Bay 2009}) 15... Nc6 {[%emt 0:01:36]} 16. Na4 {[%emt 0:00:51]} e5 {[%emt 0:05:41]} 17. Bc5 {[%emt 0:00:24]} e4 {[%emt 0:00:33]} 18. Qb3 {[%emt 0:02:20]} Bxc5 {[%emt 0:03:29]} 19. Nxc5 {[%emt 0:00:22]} Qe7 {[%emt 0:00:17] [#]} 20. Nxe4 $1 {[%emt 0:00:29]} Kh8 {[%emt 0:00:41]} 21. Nxf6 {[%emt 0:00:16]} Qxf6 {[%emt 0:00:22]} 22. e3 {[%emt 0:01:02]} ({Bloß nicht} 22. Bxd5 $6 Nd4 $16) ({Finger weg von} 22. Qxd5 $6 Rad8 $18) 22... Ne7 {[%emt 0:00:56]} 23. Rc7 {[%emt 0:00:29]} b6 {[%emt 0:00:53]} 24. Qa3 {[%emt 0:03:02]} Ng6 {[%emt 0:03:43]} 25. Qc3 {[%emt 0:00:19]} ({Auf keinen Fall} 25. Rxa7 Rxa7 26. Qxa7 d4 $18) 25... Ne5 {[%emt 0:00:46]} 26. Bxd5 {[%emt 0:00:58]} Rad8 $18 {[%emt 0:00:19]} 27. Be4 {[%emt 0:01:58]} a5 {[%emt 0:00:28]} 28. f4 {[%emt 0:00:39]} Ng4 {[%emt 0:00:14]} 29. Qxf6 {[%emt 0:00:53]} Nxf6 {[%emt 0:00:01]} 30. Bf3 {[%emt 0:00:02]} Rfe8 {[%emt 0:00:50]} 31. Rc3 {[%emt 0:00:25]} Nd5 {[%emt 0:00:57]} 32. Bxd5 {[%emt 0:00:23]} Rxd5 {[%emt 0:00:02]} 33. Kg2 {[%emt 0:00:05]} b5 {[%emt 0:00:08]} 34. Kf3 {[%emt 0:00:42]} b4 {[%emt 0:00:02]} 35. Rc7 {[%emt 0:00:04]} Rd3 {[%emt 0:00:45]} 36. Re1 {[%emt 0:00:02]} a4 {[%emt 0:00:09]} 37. Rc4 {[%emt 0:01:01]} Rb8 {[%emt 0:00:19]} 38. Rec1 {[%emt 0:01:41]} Kh7 {[%emt 0:00:02]} 39. Ke2 {[%emt 0:00:11]} Rd6 {[%emt 0:00:15]} 40. Rd1 {[%emt 0:00:04]} Rdb6 {[%emt 0:00:03]} 41. Rd7 {[%emt 0:00:08]} b3 {[%emt 0:00:35]} 42. a3 {[%emt 0:00:34]} Ra8 {[%emt 0:00:14]} 43. Rcc7 {[%emt 0:00:02]} Rg6 {[%emt 0:00:01]} 44. Kd3 {[%emt 0:00:46]} h5 {[%emt 0:00:09]} 45. Ke2 {[%emt 0:00:36]} Ra5 {[%emt 0:00:07]} 46. e4 {[%emt 0:00:08]} h4 {[%emt 0:00:06]} 47. Kf3 {[%emt 0:00:01]} hxg3 {[%emt 0:00:29]} 48. hxg3 {[%emt 0:00:01]} Rh5 {[%emt 0:00:19]} 49. f5 {[%emt 0:00:34]} Rgg5 {[%emt 0:00:26]} 50. Kf4 {[%emt 0:00:01]} Kh6 {[%emt 0:00:44]} 51. Rc6+ {[%emt 0:00:28]} g6 {[%emt 0:00:12]} 52. Rd8 {[%emt 0:00:11]} Kg7 {[%emt 0:00:22]} 53. g4 {[%emt 0:00:14]} Rh7 {[%emt 0:00:20]} 54. Rd7+ {[%emt 0:00:06]} Kh6 {[%emt 0:00:06]} 55. Rxh7+ {[%emt 0:00:03]} Kxh7 {[%emt 0:00:03]} 56. Kxg5 {[%emt 0:00:01]} 1-0

[Event "Pia Cramling Ladies Open 2018"]
[Site "Stockholm"]
[Date "2018.09.02"]
[Round "7"]
[White "Johansson, Viktoria"]
[Black "Cramling Bellon, Anna"]
[Result "1-0"]
[WhiteElo "2106"]
[BlackElo "2009"]
[Annotator "NA"]
[PlyCount "117"]
[EventDate "2018.09.01"]
[EventType "swiss"]
[EventCountry "SWE"]
[SourceTitle "playchess.com"]
[Source "ChessBase"]
[SourceQuality "1"]
[TimeControl "1800+10"]

1. d4 {[%emt 0:02:42]} d5 {[%emt 0:00:00]} 2. c4 {[%emt 0:00:13]} e6 {[%emt 0:00:06]} 3. Nc3 {[%emt 0:00:12]} a6 {[%emt 0:00:09]} 4. Nf3 {[%emt 0:01:51]} Nf6 {[%emt 0:02:20]} 5. cxd5 {[%emt 0:00:10]} exd5 {[%emt 0:00:03]} 6. Bg5 {[%emt 0:00:08] D37: Queen's Gambit Declined: 5 Bf4} Be6 {[%emt 0:06:10]} 7. Qb3 {[%emt 0:01:03] LiveBook: 3 Games} (7. e3 Nbd7 8. Bd3 Bd6 9. Bf4 Qe7 10. O-O O-O 11. h3 Rfe8 12. Qc2 {½-½ (12) Aronian,L (2805)-Carlsen,M (2837) Riadh 2017}) 7... Nbd7 {[%emt 0:00:31]} 8. e3 {[%emt 0:01:51]} c5 {[%emt 0:05:10]} 9. Be2 $146 {[%emt 0:02:36]} ({Predecessor:} 9. Qxb7 Be7 10. Be2 O-O 11. Qb3 Qa5 12. O-O Rfc8 13. Ne5 Bd6 14. Nxd7 Nxd7 15. Bf3 cxd4 16. exd4 Rab8 17. Qc2 Qb4 18. Rfd1 Bc7 19. Qd3 Nb6 {½-½ (19) Zoldi,Z (2181)-Majzik,L (2295) Hungary 2009}) 9... Be7 {[%emt 0:01:39]} 10. O-O {[%emt 0:00:38]} b5 {[%emt 0:03:27]} 11. a3 {[%emt 0:04:25]} O-O {[%emt 0:00:16]} 12. Rfd1 {[%emt 0:01:39]} c4 {[%emt 0:04:53]} 13. Qc2 {[%emt 0:00:14]} h6 {[%emt 0:00:36]} 14. Bh4 {[%emt 0:00:25]} Re8 {[%emt 0:00:52]} 15. h3 {[%emt 0:01:41]} (15. Ne5 $11) 15... Nh5 {[%emt 0:03:39]} ({Black should play} 15... Bd6 $17) 16. Bxe7 {[%emt 0:00:28]} Qxe7 $11 {[%emt 0:00:01]} 17. Re1 {[%emt 0:04:21]} f5 {[%emt 0:00:57]} 18. Ne5 {[%emt 0:01:02]} Nhf6 {[%emt 0:00:12]} 19. Rad1 {[%emt 0:01:32]} Qd6 {[%emt 0:01:19]} 20. f4 {[%emt 0:01:30]} Rab8 {[%emt 0:00:21]} 21. Bf3 {[%emt 0:00:48]} a5 {[%emt 0:00:17]} 22. Ne2 {[%emt 0:01:02]} Ne4 {[%emt 0:00:07]} 23. g4 {[%emt 0:00:21]} Nxe5 {[%emt 0:00:12]} 24. fxe5 {[%emt 0:00:16]} Qe7 {[%emt 0:00:18]} 25. Bxe4 {[%emt 0:00:37]} fxe4 {[%emt 0:00:04]} 26. Nf4 {[%emt 0:00:17]} Qh4 {[%emt 0:00:21]} 27. Qg2 {[%emt 0:00:13]} b4 {[%emt 0:00:10]} 28. axb4 {[%emt 0:00:03]} axb4 {[%emt 0:00:14]} 29. Rc1 {[%emt 0:00:43]} Rb6 {[%emt 0:00:10]} 30. Rf1 {[%emt 0:00:14]} Bf7 {[%emt 0:00:05]} 31. Kh2 {[%emt 0:00:27]} Reb8 {[%emt 0:00:07]} 32. Rf2 {[%emt 0:00:12]} Qe7 {[%emt 0:00:13]} 33. Qg3 {[%emt 0:00:34]} Qc7 {[%emt 0:00:17]} 34. g5 {[%emt 0:00:12]} hxg5 {[%emt 0:00:09]} 35. Qxg5 {[%emt 0:00:02]} Qd8 {[%emt 0:00:04]} 36. Qf5 {[%emt 0:00:25]} Qc8 {[%emt 0:00:20]} 37. Qg5 {[%emt 0:00:12]} Qd8 {[%emt 0:00:01]} 38. Qg3 {[%emt 0:00:06]} Qe7 {[%emt 0:00:06]} 39. Rg1 {[%emt 0:00:03]} Be8 {[%emt 0:00:18]} 40. Nxd5 {[%emt 0:00:02]} Qd7 {[%emt 0:00:07]} 41. Nxb6 {[%emt 0:00:03]} Rxb6 {[%emt 0:00:01]} 42. Rfg2 {[%emt 0:00:10]} Rg6 {[%emt 0:00:05]} 43. Qf4 {[%emt 0:00:12]} Rxg2+ {[%emt 0:00:18]} 44. Rxg2 {[%emt 0:00:00]} Qd5 {[%emt 0:00:03]} 45. Qf6 {[%emt 0:00:14]} Qf7 {[%emt 0:00:17]} 46. Qd6 {[%emt 0:00:18]} Bd7 {[%emt 0:00:21]} 47. Qg6 {[%emt 0:00:32]} Qxg6 {[%emt 0:00:07]} 48. Rxg6 {[%emt 0:00:00]} c3 {[%emt 0:00:11]} 49. bxc3 bxc3 {[%emt 0:00:01]} 50. Rg1 {[%emt 0:00:04]} Ba4 {[%emt 0:00:12]} 51. Rc1 {[%emt 0:00:03]} c2 {[%emt 0:00:05]} 52. Kg3 {[%emt 0:00:01]} Kf7 {[%emt 0:00:01]} 53. Kf4 {[%emt 0:00:01]} Ke6 {[%emt 0:00:00]} 54. Kxe4 {[%emt 0:00:02]} Bc6+ {[%emt 0:00:04]} 55. Kf4 {[%emt 0:00:03]} Ba4 {[%emt 0:00:10]} 56. e4 {[%emt 0:00:01]} Bb3 {[%emt 0:00:38]} 57. h4 {[%emt 0:00:02]} Kf7 {[%emt 0:00:06]} 58. d5 {[%emt 0:00:03]} Ke7 {[%emt 0:00:06]} 59. Kf5 {[%emt 0:00:03]} 1-0

[Event "Pia Cramling Ladies Open 2018"]
[Site "Stockholm"]
[Date "2018.09.02"]
[Round "7"]
[White "Fransson, Angelina"]
[Black "Akerlund, Lucia"]
[Result "1-0"]
[WhiteElo "2004"]
[BlackElo "1339"]
[Annotator "NA"]
[PlyCount "85"]
[EventDate "2018.09.01"]
[EventType "swiss"]
[EventCountry "SWE"]
[SourceTitle "playchess.com"]
[Source "ChessBase"]
[SourceQuality "1"]
[TimeControl "1800+10"]

1. e4 {[%emt 0:00:00]} e5 {[%emt 0:00:00]} 2. Nf3 {[%emt 0:00:00]} Nc6 {[%emt 0:00:00]} 3. d4 {[%emt 0:00:00]} exd4 {[%emt 0:00:21]} 4. Bc4 {[%emt 0:00:01]} Bb4+ {[%emt 0:00:07]} 5. c3 {[%emt 0:00:55]} dxc3 {[%emt 0:00:26]} 6. bxc3 {[%emt 0:00:02]} Ba5 {[%emt 0:00:50]} 7. Qb3 {[%emt 0:02:47] C44: Ponziani Opening and Scotch Gambit} Nh6 $146 {[%emt 0:01:42]} ({Predecessor:} 7... Qe7 8. O-O h6 9. Ba3 d6 10. Nbd2 Bb6 11. e5 Be6 12. exd6 cxd6 13. Rae1 O-O-O 14. Bxe6+ fxe6 15. Rxe6 {1-0 (29) Meshkov,Y (2347)-Sinchurina,T (1967) Yerevan 2016}) 8. Bxh6 {[%emt 0:00:40]} gxh6 {[%emt 0:00:20]} 9. Bxf7+ {[%emt 0:00:03]} Kf8 10. O-O {[%emt 0:00:00]} d6 {[%emt 0:01:08]} 11. Bh5 {[%emt 0:05:29]} Qe7 {[%emt 0:02:02]} 12. Nd4 {[%emt 0:00:54]} Nxd4 {[%emt 0:02:14]} 13. cxd4 {[%emt 0:00:04]} Rg8 {[%emt 0:01:26]} 14. Qf3+ {[%emt 0:02:54]} Kg7 {[%emt 0:00:48]} 15. Na3 {[%emt 0:00:44]} Bd7 {[%emt 0:00:24]} 16. Nc4 {[%emt 0:01:18]} Raf8 {[%emt 0:00:11]} 17. Qe3 {[%emt 0:00:23]} Bb5 {[%emt 0:00:50]} 18. Nxa5 {[%emt 0:00:32]} Bxf1 {[%emt 0:00:07]} 19. Rxf1 {[%emt 0:00:05]} c6 {[%emt 0:01:06]} 20. Nc4 {[%emt 0:01:39]} b5 {[%emt 0:03:24]} 21. Nd2 {[%emt 0:00:44]} Qh4 {[%emt 0:00:20]} 22. Qg3+ {[%emt 0:00:28]} Qg5 $18 {[%emt 0:00:33]} 23. f4 {[%emt 0:02:09]} Qxg3 {[%emt 0:00:36]} 24. hxg3 {[%emt 0:00:02]} Kh8 {[%emt 0:00:04]} 25. Kf2 {[%emt 0:00:40]} c5 {[%emt 0:00:48]} 26. dxc5 {[%emt 0:00:06]} dxc5 {[%emt 0:00:02]} 27. e5 {[%emt 0:01:43]} Rd8 {[%emt 0:00:26]} 28. Ne4 {[%emt 0:00:13]} Rd4 {[%emt 0:02:20]} 29. Re1 {[%emt 0:02:32]} Rc8 {[%emt 0:01:15]} 30. e6 {[%emt 0:02:17]} Rc7 {[%emt 0:02:37]} 31. Nxc5 {[%emt 0:00:19]} Re7 {[%emt 0:01:38]} 32. Bf3 {[%emt 0:01:17]} Kg7 {[%emt 0:00:17]} 33. Nd7 {[%emt 0:00:28]} Rd2+ {[%emt 0:00:45]} 34. Re2 {[%emt 0:00:07]} Rxe6 {[%emt 0:00:13]} 35. Rxd2 {[%emt 0:00:03]} b4 {[%emt 0:00:18]} 36. Ne5 {[%emt 0:00:27]} a5 {[%emt 0:00:52]} 37. Rd7+ {[%emt 0:00:08]} Kf8 {[%emt 0:01:14]} 38. Ra7 {[%emt 0:00:03]} Rd6 {[%emt 0:01:12]} 39. Rxa5 {[%emt 0:00:01]} Rd2+ {[%emt 0:00:11]} 40. Ke3 {[%emt 0:00:02]} Rb2 {[%emt 0:01:08]} 41. Ra7 {[%emt 0:00:01]} b3 {[%emt 0:00:11]} 42. axb3 {[%emt 0:00:01]} Rxb3+ {[%emt 0:00:04]} 43. Ke4 {[%emt 0:00:01]} 1-0

[Event "Pia Cramling Ladies Open 2018"]
[Site "Stockholm"]
[Date "2018.09.02"]
[Round "7"]
[White "Olsson, Linn"]
[Black "Puuska, Heini"]
[Result "0-1"]
[WhiteElo "1703"]
[BlackElo "1961"]
[Annotator "NA"]
[PlyCount "96"]
[EventDate "2018.09.01"]
[EventType "swiss"]
[EventCountry "SWE"]
[SourceTitle "playchess.com"]
[Source "ChessBase"]
[SourceQuality "1"]
[TimeControl "1800+10"]

1. d4 {[%emt 0:00:00]} Nf6 {[%emt 0:02:11]} 2. Nc3 {[%emt 0:00:11]} d5 {[%emt 0:00:33]} 3. Nf3 {[%emt 0:00:18]} h6 {[%emt 0:00:23]} 4. Bf4 {[%emt 0:00:41]} c6 {[%emt 0:00:21]} 5. h3 {[%emt 0:00:54]} Bf5 {[%emt 0:00:25]} 6. e3 {[%emt 0:00:13]} e6 {[%emt 0:01:14]} 7. a3 {[%emt 0:00:12]} Bd6 {[%emt 0:00:56]} 8. Be5 {[%emt 0:00:55]} Bxe5 {[%emt 0:00:36]} 9. Nxe5 {[%emt 0:00:34]} Nbd7 {[%emt 0:00:37]} 10. Nf3 {[%emt 0:00:17]} O-O {[%emt 0:00:42]} 11. Bd3 {[%emt 0:02:31]} Bxd3 {[%emt 0:00:10]} 12. Qxd3 {[%emt 0:00:07]} c5 {[%emt 0:00:08]} 13. b3 {[%emt 0:00:42]} cxd4 {[%emt 0:00:14]} 14. exd4 {[%emt 0:01:28]} Rc8 {[%emt 0:00:45]} 15. O-O {[%emt 0:05:29]} Qc7 {[%emt 0:05:18]} 16. Nb5 {[%emt 0:01:21]} Qb6 {[%emt 0:00:33]} 17. c4 {[%emt 0:00:54]} a6 {[%emt 0:00:17]} 18. Nc3 {[%emt 0:01:10]} Qxb3 {[%emt 0:00:11]} 19. c5 {[%emt 0:02:57]} Ne4 {[%emt 0:01:12]} 20. Rfc1 {[%emt 0:00:47]} Nxc3 {[%emt 0:01:49]} 21. Rxc3 {[%emt 0:00:57]} Qa4 {[%emt 0:00:11]} 22. Rb3 {[%emt 0:00:48]} Qc6 {[%emt 0:02:52]} 23. Rab1 {[%emt 0:00:46]} Rc7 {[%emt 0:00:45]} 24. Qe2 {[%emt 0:00:12]} Rb8 {[%emt 0:01:14]} 25. Ne5 {[%emt 0:00:52]} Nxe5 {[%emt 0:00:39]} 26. Qxe5 {[%emt 0:00:02]} Re8 {[%emt 0:01:21]} 27. Rb6 {[%emt 0:00:24]} Qd7 {[%emt 0:00:09]} 28. Qe3 {[%emt 0:01:32]} f6 {[%emt 0:03:55]} 29. Qb3 {[%emt 0:00:10]} Re7 {[%emt 0:00:46]} 30. Rd6 {[%emt 0:00:55]} Qc8 {[%emt 0:00:25]} 31. Re1 {[%emt 0:00:46]} Rc6 {[%emt 0:00:32]} 32. Rxd5 {[%emt 0:00:18]} Qc7 {[%emt 0:00:47]} 33. Rh5 {[%emt 0:00:42]} b6 {[%emt 0:00:17]} 34. d5 {[%emt 0:00:36]} Rxc5 {[%emt 0:00:18]} 35. Qe3 {[%emt 0:03:24]} e5 {[%emt 0:00:55]} 36. Rh4 {[%emt 0:00:49]} Qd6 {[%emt 0:00:31]} 37. Rg4 {[%emt 0:00:48]} Kh8 {[%emt 0:00:14]} 38. Rh4 {[%emt 0:00:06]} Rxd5 {[%emt 0:00:15]} 39. Qe2 {[%emt 0:00:09]} b5 {[%emt 0:00:13]} 40. Rc1 {[%emt 0:00:06]} Re8 {[%emt 0:00:20]} 41. Qh5 {[%emt 0:00:02]} Rd8 {[%emt 0:00:04]} 42. Qg6 {[%emt 0:00:06]} Rd1+ {[%emt 0:00:29]} 43. Rxd1 {[%emt 0:00:00]} Qxd1+ {[%emt 0:00:01]} 44. Kh2 Qd2 {[%emt 0:00:10]} 45. Re4 {[%emt 0:00:21]} Qxf2 {[%emt 0:00:21]} 46. Qh5 {[%emt 0:00:43]} Rd4 {[%emt 0:00:21]} 47. Rxd4 Qxd4 {[%emt 0:00:06]} 48. Qf5 {[%emt 0:00:21]} Qf4+ {[%emt 0:00:15]} 0-1

[Event "Pia Cramling Ladies Open 2018"]
[Site "Stockholm"]
[Date "2018.09.02"]
[Round "7"]
[White "Lindberg, Cajsa"]
[Black "Tran, Alva Ling"]
[Result "1/2-1/2"]
[WhiteElo "1625"]
[BlackElo "1519"]
[Annotator "NA"]
[PlyCount "90"]
[EventDate "2018.09.01"]
[EventType "swiss"]
[EventCountry "SWE"]
[SourceTitle "playchess.com"]
[Source "ChessBase"]
[SourceQuality "1"]
[TimeControl "1800+10"]

1. d4 {[%emt 0:00:00]} d5 {[%emt 0:00:02]} 2. c4 {[%emt 0:00:00]} e6 {[%emt 0:00:11]} 3. Nc3 {[%emt 0:00:04]} Nf6 {[%emt 0:00:08]} 4. cxd5 {[%emt 0:00:21]} exd5 {[%emt 0:00:15]} 5. Bg5 {[%emt 0:00:19]} c6 {[%emt 0:00:33]} 6. e3 {[%emt 0:00:51]} Bf5 {[%emt 0:00:39]} 7. Qb3 {[%emt 0:00:24]} Qb6 {[%emt 0:02:32]} 8. Qxb6 {[%emt 0:00:51]} axb6 {[%emt 0:00:08]} 9. Bxf6 {[%emt 0:00:36]} gxf6 {[%emt 0:00:09]} 10. g3 {[%emt 0:00:40]} Nd7 {[%emt 0:01:12]} 11. Bg2 {[%emt 0:00:10]} Bb4 {[%emt 0:01:07]} 12. Nge2 {[%emt 0:00:28]} Ke7 {[%emt 0:01:00]} 13. O-O {[%emt 0:00:17]} h5 {[%emt 0:01:26]} 14. h4 {[%emt 0:00:33]} b5 {[%emt 0:01:34]} 15. e4 {[%emt 0:00:41]} dxe4 {[%emt 0:01:48]} 16. Bxe4 {[%emt 0:01:53]} Bxe4 {[%emt 0:00:55]} 17. Nxe4 {[%emt 0:00:03]} Nb6 {[%emt 0:00:58]} 18. N2c3 {[%emt 0:01:02]} Rhd8 {[%emt 0:01:45]} 19. Rfe1 {[%emt 0:01:47]} Rxd4 {[%emt 0:03:22]} 20. a3 {[%emt 0:01:00]} Bxc3 {[%emt 0:02:24]} 21. Nxc3+ {[%emt 0:01:25]} Kf8 {[%emt 0:01:01]} 22. Re2 {[%emt 0:00:46]} Rad8 {[%emt 0:00:39]} 23. Rae1 {[%emt 0:01:44]} Rd2 {[%emt 0:01:14]} 24. Kf1 {[%emt 0:01:04]} Nc4 {[%emt 0:01:24]} 25. Ne4 {[%emt 0:00:56]} Rxe2 {[%emt 0:02:21]} 26. Rxe2 {[%emt 0:00:42]} Kg7 {[%emt 0:00:34]} 27. Ke1 {[%emt 0:02:23]} Re8 {[%emt 0:00:49]} 28. Nc5 {[%emt 0:01:10]} Rxe2+ {[%emt 0:00:11]} 29. Kxe2 {[%emt 0:00:02]} Nxb2 {[%emt 0:01:20]} 30. Nxb7 {[%emt 0:00:21]} Nc4 {[%emt 0:00:02]} 31. Kd3 {[%emt 0:02:42]} Nxa3 {[%emt 0:00:42]} 32. Kd4 {[%emt 0:00:36]} b4 {[%emt 0:00:55]} 33. Na5 {[%emt 0:00:56]} c5+ {[%emt 0:01:48]} 34. Kxc5 {[%emt 0:00:33]} Nc2 {[%emt 0:00:02]} 35. Kc4 {[%emt 0:00:57]} f5 {[%emt 0:00:11]} 36. Nc6 {[%emt 0:02:12]} Kf6 {[%emt 0:00:07]} 37. Kb3 {[%emt 0:00:59]} Ne1 {[%emt 0:00:17]} 38. Nxb4 {[%emt 0:00:14]} Ke5 {[%emt 0:00:13]} 39. Kc3 {[%emt 0:00:15]} Ke4 {[%emt 0:00:13]} 40. Kd2 {[%emt 0:00:29]} Nf3+ {[%emt 0:00:15]} 41. Ke2 {[%emt 0:00:23]} Nd4+ {[%emt 0:00:02]} 42. Kf1 {[%emt 0:00:40]} f4 {[%emt 0:00:10]} 43. Kg2 {[%emt 0:00:19]} fxg3 {[%emt 0:00:17]} 44. fxg3 {[%emt 0:00:04]} f5 {[%emt 0:00:05]} 45. Na6 {[%emt 0:01:04]} f4 {[%emt 0:00:12]} 1/2-1/2

[Event "Pia Cramling Ladies Open 2018"]
[Site "Stockholm"]
[Date "2018.09.02"]
[Round "7"]
[White "Fransson, Pia"]
[Black "Bengtsson, Siv"]
[Result "0-1"]
[WhiteElo "1549"]
[BlackElo "2111"]
[Annotator "NA"]
[PlyCount "50"]
[EventDate "2018.09.01"]
[EventType "swiss"]
[EventCountry "SWE"]
[SourceTitle "playchess.com"]
[Source "ChessBase"]
[SourceQuality "1"]
[TimeControl "1800+10"]

1. d4 {[%emt 0:00:00]} Nf6 {[%emt 0:00:51]} 2. c4 {[%emt 0:00:00]} g6 {[%emt 0:00:03]} 3. Nf3 {[%emt 0:00:03]} Bg7 {[%emt 0:00:04]} 4. g3 {[%emt 0:00:02]} O-O {[%emt 0:00:12]} 5. Bg2 {[%emt 0:00:02]} d5 {[%emt 0:00:01]} 6. O-O {[%emt 0:00:14]} c6 {[%emt 0:00:42]} 7. b3 {[%emt 0:00:15]} Bf5 {[%emt 0:00:41]} 8. Nc3 {[%emt 0:01:19]} Ne4 {[%emt 0:03:29]} 9. Bb2 {[%emt 0:01:26]} dxc4 {[%emt 0:00:48] D78: Fianchetto Grünfeld: 6 0-0 c6} (9... Nxc3 10. Bxc3 Be4 11. e3 Nd7 12. Qe2 Nf6 13. Rfc1 Qd6 14. Bb2 a5 15. Ne5 Bxg2 16. Kxg2 a4 17. Nd3 {½-½ (102) Carlsen,M (2853)-Nakamura,H (2787) chess.com INT 2016}) 10. Nxe4 $146 {[%emt 0:01:48]} ({Predecessor:} 10. bxc4 c5 11. Na4 cxd4 12. Nxd4 Bxd4 13. Bxd4 Nc6 14. Be3 Qxd1 15. Rfxd1 Nd6 16. Rac1 Rfd8 17. h3 Rac8 18. g4 Be6 19. Nc5 Nxc4 20. Rxd8+ Nxd8 21. Nxe6 Nxe6 22. Bxa7 Ra8 23. Rxc4 Rxa7 24. Bd5 Ra5 {½-½ (24) Ribli,Z (2595)-Yermolinsky,A (2595) Manila 1992}) 10... Bxe4 {[%emt 0:00:07]} 11. e3 {[%emt 0:00:02]} cxb3 {[%emt 0:01:03]} 12. Qxb3 {[%emt 0:00:02]} Qb6 {[%emt 0:01:57]} 13. Ba3 {[%emt 0:02:34]} Qxb3 {[%emt 0:01:35]} 14. axb3 {[%emt 0:00:05]} Re8 {[%emt 0:01:35]} 15. Rfc1 {[%emt 0:01:12]} Nd7 {[%emt 0:01:28]} 16. b4 {[%emt 0:00:19]} Bxf3 {[%emt 0:04:01]} 17. Bxf3 {[%emt 0:00:33]} e5 {[%emt 0:00:04]} 18. Bb2 {[%emt 0:02:48]} exd4 {[%emt 0:00:42]} 19. Bxd4 {[%emt 0:01:46]} Bxd4 {[%emt 0:02:08]} 20. exd4 {[%emt 0:00:07]} a6 {[%emt 0:02:55]} 21. d5 {[%emt 0:01:17]} Ne5 {[%emt 0:00:02]} 22. Bg2 {[%emt 0:01:15]} cxd5 {[%emt 0:00:25]} 23. Bxd5 {[%emt 0:00:19]} Re7 {[%emt 0:00:03]} 24. Re1 {[%emt 0:03:55]} (24. b5 $5) 24... Rd8 {[%emt 0:01:06]} 25. Rad1 $2 {[%emt 0:02:04] [#]} (25. Bg2 $15) 25... Rxd5 $19 {[%emt 0:03:06]} 0-1